ARRUPE JESUIT UNIVERSITY

CORONAVIRUS -STOP THE SPREAD - CLEAN,DISINFECT,COVER

The African stakes of the Congo war / (Record no. 66285)

MARC details
000 -LEADER
fixed length control field 00457nam a2200193Ia 4500
003 - CONTROL NUMBER IDENTIFIER
control field 0100
005 - DATE AND TIME OF LATEST TRANSACTION
control field 20180214091814.0
008 - FIXED-LENGTH DATA ELEMENTS--GENERAL INFORMATION
fixed length control field 130303s9999 xx 000 0 und d
040 ## - CATALOGING SOURCE
Transcribing agency ARRUPELIB
050 ## - LIBRARY OF CONGRESS CALL NUMBER
Classification number DT658.26.A36 2002
300 ## - PHYSICAL DESCRIPTION
Other physical details 249p. 24cm.
245 #4 - TITLE STATEMENT
Title The African stakes of the Congo war /
260 ## - PUBLICATION, DISTRIBUTION, ETC. (IMPRINT)
Place of publication, distribution, etc Palgrave
Name of publisher, distributor, etc Macmillan
Date of publication, distribution, etc 2002
300 ## - PHYSICAL DESCRIPTION
Extent xv
650 ## - SUBJECT ADDED ENTRY--TOPICAL TERM
Topical term or geographic name as entry element Congo (Democratic Republic)
General subdivision History
Chronological subdivision 1997-
9 (RLIN) 39057
650 ## - SUBJECT ADDED ENTRY--TOPICAL TERM
Topical term or geographic name as entry element Political violence
Geographic subdivision Congo (Democratic Republic)
9 (RLIN) 39165
650 ## - SUBJECT ADDED ENTRY--TOPICAL TERM
Topical term or geographic name as entry element Congo (Democratic Republic)
9 (RLIN) 39159
700 ## - ADDED ENTRY--PERSONAL NAME
Personal name Clark, John F. ed.
9 (RLIN) 39166
942 ## - ADDED ENTRY ELEMENTS (KOHA)
Source of classification or shelving scheme Library of Congress Classification
Koha issues (borrowed), all copies 1
Koha item type Monograph ( Printed materials)
Holdings
Withdrawn status Lost status Source of classification or shelving scheme Damaged status Not for loan Collection code Home library Current library Shelving location Date acquired Total Checkouts Full call number Barcode Date last seen Date checked out Copy number Price effective from Koha item type
    Library of Congress Classification     Main Collection ARRUPE LIBRARY ARRUPE LIBRARY   05/03/2013 2 DT658.26.A36 2002 46004005137 31/10/2019 21/10/2019 1 05/03/2013 Monograph ( Printed materials)

 

Arrupe Library. PO Box MP320 Mt Pleasant, Harare, Zimbabwe
263 242 745411|librarian@aju.ac.zw